|
|
|
|
| LEADER |
00842nab#a2200325#ar4500 |
| 001 |
000099513 |
| 003 |
SVKKK |
| 005 |
20100210092234.0 |
| 008 |
080509c2007 xr |||||||||||||||b|cze |
| FMT |
|
|
|
| 015 |
|
|
|a SNBRA2010/02
|
| 038 |
|
|
|a SVKKK
|
| 040 |
|
|
|a SVKKK
|b slo
|e AACR2
|
| 041 |
0 |
|
|a cze
|
| 044 |
|
|
|a xr
|c CZ
|
| 080 |
|
|
|a 622.867
|2 1997
|
| 080 |
|
|
|a 94
|2 1997
|
| 100 |
1 |
|
|a Trojan, Petr
|4 aut
|
| 245 |
1 |
0 |
|a Stručný vývoj důlních sebezáchranných přístrojů
|c Petr Trojan
|
| 300 |
|
|
|b Obr.
|
| 504 |
|
|
|a Bibliogr. odkazy
|
| 650 |
0 |
4 |
|a banské dýchacie prístroje
|x technický vývoj
|x dejiny
|
| 773 |
0 |
|
|t Studie z dějin hornictví 36
|d Praha : Národní technické muzeum, 2007
|z 9788070370032
|g S. 35-43
|
| 958 |
|
|
|a NB
|
| 974 |
|
|
|a Ni
|
| 992 |
|
|
|a RZB
|
| BAS |
|
|
|
| 852 |
|
|
|a SVKKK
|b BIB
|
| EXP |
|
|
|
| 998 |
|
|
|a BAN
|